000 00777nam a2200229 a 4500
005 20200104041516.0
008 140224s1988 zs ||||| |||| 00| 0 eng d
040 _aCO-BoIAVH
_cCO-BoIAVH
041 1 _aspa
082 0 4 _a599
_bM29m
245 0 0 _aManual de identificación.
260 _aGland :
_bCITES,
_c1988.
300 _a1 Volomen
505 _aVolumen 1. : Mamíferos: monotremas a cetáceos.
650 1 4 _aMamiferos
_xIdentificación.
650 2 4 _aMamiferos
_xClasificación.
650 2 4 _aCetaceos
_xIdentificación.
650 2 4 _aEspecies amenazadas.
700 1 _aDollinger, Peter,
_eeditor.
710 2 _aConvención sobre el Comercio Internacional de Especies Amenazadas de Fauna y Flora Silvestres
942 _cLIBRO
_2ddc
999 _c905
_d905